50 historias de juicios por la dictadura en Argentina : tomo blanco /
Crónicas periodísticas en base a testimonios en los juicios de lesa humanidad cometidos en la última dictadura militar en Argentina.
Guardado en:
| Autor Principal: | |
|---|---|
| Otros Autores: | , , , , , , , , , , , , , , , , , , , , , , , |
| Formato: | Libro |
| Idioma: | Undetermined |
| Publicado: |
Buenos Aires :
La Retaguardia,
2026.
|
| Edición: | 1a ed. |
| Series: | Pedacitos de memoria ;
1 |
| Materias: | |
| Etiquetas: |
Agregar Etiqueta
Sin Etiquetas, Sea el primero en etiquetar este registro!
|
| LEADER | 03361nam a22005535a 4500 | ||
|---|---|---|---|
| 001 | CEM.cems025206 | ||
| 008 | 260610s2026####ag############000#0#und#d | ||
| 005 | 20260610153617.0 | ||
| 245 | 1 | 0 | |a 50 historias de juicios por la dictadura en Argentina : |b tomo blanco / |c Coordinado por Fernando Tebele y María Eugenia Otero. |
| 250 | |a 1a ed. | ||
| 260 | |a Buenos Aires : |b La Retaguardia, |c 2026. | ||
| 300 | |a 262 p. | ||
| 490 | 1 | |a Pedacitos de memoria ; |v 1 | |
| 505 | 0 | |a Prólogo / Pablo Llonto -- Prólogo / Ana Oberlin -- Vìctor Basterra, la voz de tantos otros / Fernando Tebele -- El centro de tortura para niñas y niños de la iglesia católica / María Eugenia Otero -- Las verdades en su corazón / Eduardo Anguita -- Mártir a los 15 / Carlos Rodríguez -- Solo un puente / Ailín Bullentini -- Mensajes indelebles, viajeros de caminos inauditos / Sergio Zalba -- El bolso con la ropa de Miguel / Giuliana Crucianelli -- El ladrillo de abajo de todo / Pedro Ramirez Otero -- Confesiones / Ángel Urondo Raboy -- El torturador bueno / Diego Martínez -- No dejen que mis hijos se olviden de mí / Fernando Tebele -- Decí alpiste / Julia Varela -- Las marcas en el cuerpo / Camilia Cataneo y Fernando Tebele -- El miedo a la gente pensante / Estela Pereyra -- Una historia de amor en el infierno / Diego Adur -- Una batalla en dos orillas / Raúl Olivera Alfaro -- Veremos si sois valientes / Adrián Camerano -- El largo camino de Mariana / Ailín Bullentini -- Sanaría encontrar sus restos / Carlos Rodríguez -- El mejor encuadernador del país / María Eugenia Otero -- La certeza de ser perseguido / Valentina Maccarone -- El derecho a la resistencia / Mónica Muñiz Mexicano -- La misma forma de mirar / Camila Cataneo -- Relato de Hugo / Julián Bouvier -- El peso del silencio / Fernando Tebele -- Epílogo / Mercedes Soiza Reilly -- Epílogo / Karina Yabor -- Epílogo / Daniel Obligado -- Epílogo / María del Carmen Verdú | |
| 520 | |a Crónicas periodísticas en base a testimonios en los juicios de lesa humanidad cometidos en la última dictadura militar en Argentina. | ||
| 020 | |a 9786319164503 | ||
| 100 | 1 | |a Tebele, Fernando; coord. | |
| 700 | 1 | |a Otero, María Eugenia; coord. | |
| 700 | 1 | |a Llonto, Pablo; prol. | |
| 700 | 1 | |a Oberlin, Ana; prol. | |
| 700 | 1 | |a Anguita, Eduardo. | |
| 700 | 1 | |a Rodríguez, Carlos. | |
| 700 | 1 | |a Bullentini, Ailín. | |
| 700 | 1 | |a Zalba, Sergio. | |
| 700 | 1 | |a Otero, Pedro Ramirez. | |
| 700 | 1 | |a Urondo Raboy, Ángel. | |
| 700 | 1 | |a Martínez, Diego. | |
| 700 | 1 | |a Varela, Julia. | |
| 700 | 1 | |a Cataneo, Camilia. | |
| 700 | 1 | |a Pereyra, Estela. | |
| 700 | 1 | |a Adur, Diego. | |
| 700 | 1 | |a Olivera Alfaro, Raúl. | |
| 700 | 1 | |a Camerano, Adrián. | |
| 700 | 1 | |a Bullentini, Ailín. | |
| 700 | 1 | |a Maccarone, Valentina. | |
| 700 | 1 | |a Muñiz Mexicano, Mónica. | |
| 700 | 1 | |a Cataneo, Camila. | |
| 700 | 1 | |a Bouvier, Julián. | |
| 700 | 1 | |a Soiza Reilly, Mercedes; epíl. | |
| 700 | 1 | |a Yabor, Karina; epíl. | |
| 700 | 1 | |a Obligado, Daniel; epíl. | |
| 700 | 1 | |a Verdú, María del Carmen; epíl. | |
| 653 | |a Crónicas | ||
| 653 | |a Crónicas periodísticas | ||
| 653 | |a Dictadura militar | ||
| 653 | |a Memoria, Verdad y Justicia | ||
| 653 | |a Crímenes de lesa humanidad | ||
| 653 | |a Derechos Humanos | ||
| 859 | |a CEMS |b BIB. CEMS - 11 de abril |h A868.2 |i T224 |p 30804.26 |t Ej.1 |v I | ||
